| 000 | 00373nam a22001457a 4500 | ||
|---|---|---|---|
| 005 | 20250916102631.0 | ||
| 008 | 250916b |||||||| |||| 00| 0 eng d | ||
| 020 | _a979-8-88715-324-7 | ||
| 100 | _aSMITH, JOANNE | ||
| 245 | _aDATA MINING AND WAREHOUSING | ||
| 260 |
_aDUBLIN _bORYSON PRESS _c2024 |
||
| 300 | _aVIII, 264P. | ||
| 500 | _aINCLUDES INDEX | ||
| 942 |
_2lcc _cBK |
||
| 999 |
_c216105 _d216105 |
||